Organización y sistema de trabajo para la construcción de grupos de vivienda de clase media
Spremljeno u:
| Glavni autor: | |
|---|---|
| Format: | Knjiga |
| Izdano: |
San José, Costa Rica
1997
|
| Teme: | |
| Oznake: |
Dodaj oznaku
Bez oznaka, Budi prvi tko označuje ovaj zapis!
|
MARC
| LEADER | 00000nam a2200000Ia 4500 | ||
|---|---|---|---|
| 003 | 008259 | ||
| 005 | 20240821144749.0 | ||
| 008 | 140114s1997 cr a m 000 ||s d | ||
| 040 | |c cru CEDI | ||
| 090 | |a TFG 3693 | ||
| 100 | |a Vargas Rodríguez, Rolando |9 9449 | ||
| 245 | |a Organización y sistema de trabajo para la construcción de grupos de vivienda de clase media | ||
| 260 | |a San José, Costa Rica |c 1997 | ||
| 300 | |a 100 hojas : ilustraciones (1 plegables) | ||
| 500 | |a Trabajo de graduación (licenciatura en ingeniería civil)--Universidad de Costa Rica. Facultad de Ingeniería. Escuela de Ingeniería Civil | ||
| 501 | |a Director de Trabajo de Graduación: Ing. Andrés González M | ||
| 650 | |x CONSTRUCCION - COSTA RICA |x VIVIENDAS - COSTA RICA |9 9450 | ||
| 942 | |c TFG |h TFG 3693 |i 008259 |6 TFG_3693_008259000000000 | ||
| 999 | |c 18822 |d 18822 | ||
